000 00357nam a2200145Ia 4500
008 230917s9999||||xx |||||||||||||| ||und||
040 _e47166
_aMAIN
041 _aEnglish
082 _a822.33 S15R:A
100 _aRabkin, Norman
245 0 _aApproaches to Shakespeare
260 _aNew York
_bMcGraw-Hill
_c1964
300 _axiii, 333 p.
942 _cBK
999 _c145107
_d145107